[Event "Johor op 5th"]
[Site "Johor"]
[Date "2018.12.11"]
[Round "2"]
[White "Doshi, Devansh Sanjay"]
[Black "Ong, Way Justin"]
[Result "1/2-1/2"]
[WhiteElo "1664"]
[BlackElo "1884"]
[PlyCount "50"]
[EventDate "2018.12.10"]
[EventType "swiss"]
[EventRounds "9"]
[EventCountry "MAS"]
[SourceTitle "CBM 187 Extra"]
[Source "ChessBase"]
[SourceDate "2018.11.04"]
[SourceVersion "1"]
[SourceVersionDate "2018.11.04"]
[SourceQuality "1"]

1. e4 c5 2. Nf3 d6 3. d4 cxd4 4. Nxd4 Nf6 5. Nc3 a6 6. f3 e5 7. Nb3 Be6 8. Be3 Be7 9. Qd2 Nbd7 10. g4 Nb6 11. g5 Nfd7 12. 0-0-0 0-0 13. h4 Rc8 14. Nd5 Nxd5 15. exd5 Bf5 16. Bd3 Bxd3 17. Qxd3 f5 18. f4 Qc7 19. Rh2 Qc4 20. Rf2 Qxd3 21. Rxd3 Bd8 22. Kd2 g6 23. Rc3 Bc7 24. Ke2 Nb6 25. Bxb6 Bxb6 1/2-1/2

[Event "Penang op 10th"]
[Site "Penang"]
[Date "2018.12.07"]
[Round "7"]
[White "Ong, Way Justin"]
[Black "Sreenivasan, Brandon Tien"]
[Result "1/2-1/2"]
[WhiteElo "1884"]
[BlackElo "1493"]
[PlyCount "68"]
[EventDate "2018.12.03"]
[EventType "swiss"]
[EventRounds "9"]
[EventCountry "MAS"]
[SourceTitle "CBM 187 Extra"]
[Source "ChessBase"]
[SourceDate "2018.11.04"]
[SourceVersion "1"]
[SourceVersionDate "2018.11.04"]
[SourceQuality "1"]

1. e4 e5 2. Nf3 Nc6 3. Bb5 a6 4. Ba4 b5 5. Bb3 Be7 6. 0-0 Nf6 7. Re1 d6 8. h3 0-0 9. a4 Bb7 10. d3 Na5 11. Ba2 c5 12. Nbd2 Nc6 13. Nf1 h6 14. Ne3 Nb4 15. Bb1 Nc6 16. Nf5 Re8 17. c3 Bf8 18. d4 exd4 19. cxd4 Nb4 20. d5 Bc8 21. Ng3 Bd7 22. a5 g6 23. Bd2 Qc7 24. Qb3 Qa7 25. Bxb4 cxb4 26. Qxb4 Rac8 27. Bd3 Nh7 28. Qd2 Bg7 29. Kh1 Bf6 30. Qxh6 Qxf2 31. Ne2 Bxb2 32. Rab1 Bg7 33. Qf4 Be5 34. Qh6 Bg7 1/2-1/2

[Event "Penang op 10th"]
[Site "Penang"]
[Date "2018.12.07"]
[Round "8"]
[White "Wu, David Tai Wei"]
[Black "Ong, Way Justin"]
[Result "1-0"]
[WhiteElo "1630"]
[BlackElo "1884"]
[PlyCount "87"]
[EventDate "2018.12.03"]
[EventType "swiss"]
[EventRounds "9"]
[EventCountry "MAS"]
[SourceTitle "CBM 187 Extra"]
[Source "ChessBase"]
[SourceDate "2018.11.04"]
[SourceVersion "1"]
[SourceVersionDate "2018.11.04"]
[SourceQuality "1"]

1. d4 Nf6 2. c4 g6 3. Nc3 Bg7 4. e4 d6 5. Nf3 0-0 6. Be2 e5 7. 0-0 Nc6 8. d5 Ne7 9. Ne1 Nd7 10. f3 f5 11. Nd3 c6 12. Be3 c5 13. b4 b6 14. bxc5 bxc5 15. Rb1 Nb6 16. Nf2 Bd7 17. a4 Be8 18. Rb2 Nd7 19. Qa1 Nf6 20. Rfb1 Bd7 21. Bd2 Bc8 22. Nb5 a6 23. Nc3 Qc7 24. a5 Rd8 25. Na4 Ra7 26. Nb6 Bd7 27. Nxd7 Nxd7 28. Rb3 Rb8 29. Rxb8+ Nxb8 30. Qb2 Nd7 31. Qc2 f4 32. Qb2 Ra8 33. Bd1 Rb8 34. Qa2 Rxb1 35. Qxb1 Qb8 36. Qxb8+ Nxb8 37. Ba4 Nc8 38. g3 fxg3 39. hxg3 Kf7 40. Ng4 h5 41. Nf2 Bf6 42. Kg2 g5 43. Nh3 Kg6 44. Be8+ 1-0

[Event "Penang op 7th"]
[Site "Penang"]
[Date "2015.12.09"]
[Round "5"]
[White "Ong, Way Justin"]
[Black "Calvelo, Jelvis"]
[Result "0-1"]
[WhiteElo "1911"]
[BlackElo "2090"]
[PlyCount "68"]
[EventDate "2015.12.07"]
[EventType "swiss"]
[EventRounds "9"]
[EventCountry "MAS"]
[SourceTitle "CBM 169 Extra"]
[Source "ChessBase"]
[SourceDate "2015.12.18"]
[SourceVersion "1"]
[SourceVersionDate "2015.12.18"]
[SourceQuality "1"]

1. e4 e6 2. d4 d5 3. e5 c5 4. Nf3 Nc6 5. Bd3 Qb6 6. 0-0 Bd7 7. dxc5 Bxc5 8. Nbd2 Nb4 9. Be2 Rc8 10. c3 Nc6 11. Bd3 a5 12. Nb3 a4 13. Nxc5 Qxc5 14. Be3 Qa5 15. Qd2 Nge7 16. b4 Qc7 17. Bf4 Ng6 18. Bg3 Qb6 19. a3 Na7 20. h4 Bb5 21. h5 Ne7 22. Nd4 Bxd3 23. Qxd3 Rc4 24. b5 Qc5 25. Rfb1 Rxc3 26. Qd2 h6 27. Rc1 Rc4 28. Rxc4 dxc4 29. Qb2 Nd5 30. b6 Nc6 31. Nb5 c3 32. Qb1 0-0 33. Nd6 c2 34. Qb2 Nd4 0-1

[Event "Penang op 7th"]
[Site "Penang"]
[Date "2015.12.08"]
[Round "2"]
[White "Yip, Thung"]
[Black "Ong, Way Justin"]
[Result "0-1"]
[WhiteElo "1604"]
[BlackElo "1911"]
[PlyCount "69"]
[EventDate "2015.12.07"]
[EventType "swiss"]
[EventRounds "9"]
[EventCountry "MAS"]
[SourceTitle "CBM 169 Extra"]
[Source "ChessBase"]
[SourceDate "2015.12.18"]
[SourceVersion "1"]
[SourceVersionDate "2015.12.18"]
[SourceQuality "1"]

1. d4 Nf6 2. c4 g6 3. Nf3 Bg7 4. g3 0-0 5. Bg2 d5 6. cxd5 Nxd5 7. 0-0 Nc6 8. e4 Nb6 9. d5 Ne5 10. Nxe5 Bxe5 11. f4 Bg7 12. e5 f6 13. Re1 fxe5 14. fxe5 c6 15. dxc6 Qc7 16. Nc3 bxc6 17. Bf4 Be6 18. Qc2 Rac8 19. Rac1 Qb8 20. b3 Rfd8 21. Qe2 Nd5 22. Nxd5 Bxd5 23. Bxd5+ cxd5 24. Qg4 Rxc1 25. Rxc1 Qb6+ 26. Kg2 e6 27. Qe2 Rf8 28. h4 Qb7 29. Kh2 Rf5 30. Rc5 Bf8 31. Rc1 h6 32. Qe3 Qg7 33. Rc8 g5 34. hxg5 hxg5 35. Bxg5 0-1

[Event "Penang op 6th"]
[Site "Penang"]
[Date "2014.12.11"]
[Round "6"]
[White "Ong, Way Justin"]
[Black "Chan, Kim Yew"]
[Result "1-0"]
[WhiteElo "1987"]
[BlackElo "1514"]
[PlyCount "53"]
[EventDate "2014.12.08"]
[EventType "swiss"]
[EventRounds "9"]
[EventCountry "MAS"]
[SourceTitle "CBM 163 Extra"]
[Source "ChessBase"]
[SourceDate "2014.12.23"]
[SourceVersion "1"]
[SourceVersionDate "2014.12.23"]
[SourceQuality "1"]

1. e4 c5 2. Nf3 d6 3. Bb5+ Bd7 4. Bxd7+ Qxd7 5. c4 Nc6 6. 0-0 g6 7. d4 cxd4 8. Nxd4 Bg7 9. Be3 Nf6 10. f3 0-0 11. Nc3 Rfc8 12. b3 Qd8 13. Rc1 a6 14. Rf2 Rab8 15. Qd3 Nxd4 16. Bxd4 b5 17. cxb5 axb5 18. Rfc2 b4 19. Bxf6 Bxf6 20. Nd5 Bg5 21. f4 Rxc2 22. Rxc2 Bh6 23. g3 Rb7 24. Qa6 Qd7 25. Qa8+ Kg7 26. Rc8 f5 27. Rh8 1-0

[Event "Penang op 6th"]
[Site "Penang"]
[Date "2014.12.10"]
[Round "4"]
[White "Ong, Way Justin"]
[Black "Tin, Ruiqi"]
[Result "1-0"]
[WhiteElo "1987"]
[BlackElo "1685"]
[PlyCount "113"]
[EventDate "2014.12.08"]
[EventType "swiss"]
[EventRounds "9"]
[EventCountry "MAS"]
[SourceTitle "CBM 163 Extra"]
[Source "ChessBase"]
[SourceDate "2014.12.23"]
[SourceVersion "1"]
[SourceVersionDate "2014.12.23"]
[SourceQuality "1"]

1. e4 e5 2. Nf3 Nc6 3. Bc4 Bc5 4. Nc3 Nf6 5. d3 h6 6. a3 d6 7. b4 Bb6 8. h3 0-0 9. Nh2 Be6 10. Bxe6 fxe6 11. 0-0 Qe8 12. Na4 Qg6 13. Nxb6 axb6 14. Bd2 Nh5 15. Kh1 Nf4 16. Rg1 Nd4 17. Ng4 Rf7 18. c3 Nc6 19. Be1 Rff8 20. Kh2 Rae8 21. g3 Nh5 22. Ne3 Nf6 23. f4 Nh7 24. f5 exf5 25. exf5 Qf7 26. g4 e4 27. d4 Ng5 28. Rg2 Nf3+ 29. Kh1 Ne7 30. Bg3 Nd5 31. Qc1 Nxe3 32. Qxe3 d5 33. Qf4 Re7 34. a4 Qf6 35. Qe3 Rd7 36. a5 Ra8 37. Rga2 b5 38. Bf4 Kf7 39. Qf2 Kg8 40. Qg3 Qc6 41. Ra3 Rf7 42. h4 Ra6 43. h5 Qd7 44. Kg2 Kf8 45. R1a2 Kg8 46. Re2 Kf8 47. Ra1 Kg8 48. Rf1 Ra8 49. Rxf3 exf3+ 50. Qxf3 c6 51. Qe3 Rff8 52. Qg3 Rae8 53. Be5 Qe7 54. Re3 Qg5 55. Kh3 Kh7 56. Qe1 Qd8 57. Qb1 1-0

[Event "Kuala Lumpur op 8th"]
[Site "Kuala Lumpur"]
[Date "2011.08.25"]
[Round "9"]
[White "Azman Hisham, Nur Nabila"]
[Black "Ong, Way Justin"]
[Result "1/2-1/2"]
[WhiteElo "1894"]
[BlackElo "2041"]
[PlyCount "115"]
[EventDate "2011.08.18"]
[EventType "swiss"]
[EventRounds "9"]
[EventCountry "MAS"]
[SourceTitle "CBM 144 Extra"]
[Source "ChessBase"]
[SourceDate "2011.10.28"]
[SourceVersion "1"]
[SourceVersionDate "2011.10.28"]
[SourceQuality "1"]

1. d4 d5 2. c4 c6 3. Nc3 Nf6 4. Nf3 e6 5. Bg5 Nbd7 6. cxd5 exd5 7. e3 Be7 8. Bd3 0-0 9. 0-0 g6 10. Qc2 Nh5 11. Bh6 Re8 12. Rab1 Bd6 13. b4 a6 14. a4 Ndf6 15. Rfc1 Qe7 16. b5 a5 17. bxc6 bxc6 18. Ne2 Bd7 19. Rb7 Reb8 20. Rcb1 Qe8 21. Ng3 Rc8 22. Nxh5 Nxh5 23. Ne5 Be6 24. f4 c5 25. Bb5 Qd8 26. Nc6 cxd4 27. Nxd8 Rxc2 28. Nxe6 fxe6 29. Bd7 Bc7 30. Bxe6+ Kh8 31. Bxd5 Rd8 32. Be4 d3 33. Bxd3 Rc3 34. Bf1 Nf6 35. Bg5 Rf8 36. Bh6 Re8 37. Re1 Nd5 38. e4 Kg8 39. Bb5 Re6 40. e5 Rb6 41. Ra7 Rxb5 42. Rxc7 Nxc7 43. axb5 Nxb5 44. Rb1 Nd4 45. Rb8+ Kf7 46. Rb7+ Ke6 47. g4 a4 48. Rb6+ Kd5 49. Rd6+ Ke4 50. Kf2 Rc2+ 51. Kg3 Ne2+ 52. Kh4 Nxf4 53. Bxf4 Kxf4 54. Rd4+ Kxe5 55. Rxa4 Rxh2+ 56. Kg5 h5 57. gxh5 gxh5 58. Rh4 1/2-1/2

[Event "Kuala Lumpur op 8th"]
[Site "Kuala Lumpur"]
[Date "2011.08.20"]
[Round "4"]
[White "Iuldachev, Saidali"]
[Black "Ong, Way Justin"]
[Result "1-0"]
[WhiteElo "2482"]
[BlackElo "2041"]
[PlyCount "51"]
[EventDate "2011.08.18"]
[EventType "swiss"]
[EventRounds "9"]
[EventCountry "MAS"]
[SourceTitle "CBM 144 Extra"]
[Source "ChessBase"]
[SourceDate "2011.10.28"]
[SourceVersion "1"]
[SourceVersionDate "2011.10.28"]
[SourceQuality "1"]

1. e4 c5 2. Nc3 d6 3. f4 e6 4. Nf3 Be7 5. d4 a6 6. dxc5 dxc5 7. Qxd8+ Bxd8 8. e5 Ke7 9. Ne4 b6 10. Nd6 Bd7 11. Be3 Nh6 12. 0-0-0 Nf5 13. Nxf5+ exf5 14. Bc4 Be6 15. Bxe6 fxe6 16. Bf2 Kf7 17. Rd6 h6 18. Rhd1 Bc7 19. Rd7+ Nxd7 20. Rxd7+ Kg6 21. Rxc7 Rhc8 22. Rd7 Rd8 23. Rd6 Rxd6 24. exd6 c4 25. Ne5+ Kf6 26. Nd7+ 1-0

[Event "Kuala Lumpur op 8th"]
[Site "Kuala Lumpur"]
[Date "2011.08.20"]
[Round "5"]
[White "Ong, Way Justin"]
[Black "William, Lee Kah Howe"]
[Result "1-0"]
[WhiteElo "2041"]
[BlackElo "1800"]
[PlyCount "115"]
[EventDate "2011.08.18"]
[EventType "swiss"]
[EventRounds "9"]
[EventCountry "MAS"]
[SourceTitle "CBM 144 Extra"]
[Source "ChessBase"]
[SourceDate "2011.10.28"]
[SourceVersion "1"]
[SourceVersionDate "2011.10.28"]
[SourceQuality "1"]

1. e4 c5 2. Nf3 d6 3. d4 cxd4 4. Nxd4 Nf6 5. Nc3 a6 6. Be3 Ng4 7. Bc1 g6 8. f3 Ne5 9. Be3 Bg7 10. Qd2 Nbc6 11. 0-0-0 0-0 12. h4 h5 13. Nxc6 bxc6 14. Bh6 Be6 15. Bxg7 Kxg7 16. f4 Ng4 17. f5 Bd7 18. Qd4+ Kh7 19. Be2 c5 20. Qg1 gxf5 21. Bxg4 hxg4 22. exf5 Bxf5 23. Qf2 e6 24. Qf4 Qf6 25. Rxd6 Rfd8 26. Ne4 Qe7 27. Qg5 Qxg5+ 28. hxg5+ Kg6 29. Rh6+ Kg7 30. Rxd8 Rxd8 31. Nxc5 Rc8 32. b4 Rc6 33. g3 Rb6 34. c3 a5 35. a3 Bg6 36. Rh2 Bf5 37. Rh6 Bg6 38. Kd2 e5 39. Rh1 Bf5 40. Re1 Rd6+ 41. Kc1 e4 42. Nxe4 Re6 43. b5 Rxe4 44. Rxe4 Bxe4 45. Kd2 Kg6 46. Ke3 Kf5 47. Kd4 Bf3 48. c4 Kxg5 49. c5 f5 50. Ke5 a4 51. c6 Bg2 52. Kd6 f4 53. gxf4+ Kxf4 54. b6 g3 55. b7 Bxc6 56. Kxc6 g2 57. b8Q+ Kf3 58. Qb6 1-0

[Event "Kuala Lumpur op 5th"]
[Site "Kuala Lumpur"]
[Date "2008.08.18"]
[Round "1"]
[White "Causo, Deniel"]
[Black "Ong, Way Justin"]
[Result "1/2-1/2"]
[WhiteElo "2410"]
[BlackElo "2008"]
[PlyCount "186"]
[EventDate "2008.08.18"]
[EventType "swiss"]
[EventRounds "11"]
[EventCountry "MAS"]
[SourceTitle "CBM 126 Extra"]
[Source "ChessBase"]
[SourceDate "2008.11.05"]
[SourceVersion "1"]
[SourceVersionDate "2008.11.05"]
[SourceQuality "1"]

1. e4 c5 2. c3 Nf6 3. e5 Nd5 4. d4 cxd4 5. cxd4 d6 6. Bc4 Nb6 7. Bb5+ Bd7 8. e6 fxe6 9. Bd3 Bc6 10. Qg4 Nd5 11. Bxh7 Kd7 12. Bg6 Nf6 13. Qg3 Qa5+ 14. Nc3 Ne4 15. Bxe4 Bxe4 16. Nge2 Nc6 17. 0-0 Bf5 18. Qf3 Bc2 19. Bf4 g5 20. Bg3 Qf5 21. Qe3 Bg7 22. Rac1 Qd3 23. Rfe1 Qxe3 24. fxe3 Bg6 25. a3 Na5 26. e4 Rac8 27. Bf2 a6 28. Ng3 Nb3 29. Rcd1 Rhf8 30. h3 Rxf2 31. Kxf2 Bxd4+ 32. Kf3 Be5 33. Nge2 Bh5+ 34. g4 Rf8+ 35. Ke3 Bg6 36. Rf1 Rc8 37. Rf3 b5 38. Rdf1 Bg7 39. Kf2 Rc4 40. Rd1 Nc5 41. Ng3 Bd4+ 42. Ke2 Be5 43. Nf1 Nxe4 44. Rc1 Nc5 45. Nd2 Rd4 46. b4 Nd3 47. Rh1 Nf4+ 48. Kd1 Nd3 49. Ke2 Bf4 50. Nb3 Nc1+ 51. Rxc1 Rc4 52. Nd2 Rd4 53. Nb3 Rc4 54. Rcf1 e5 55. Na5 Rc8 56. Rxf4 gxf4 57. Kd2 e4 58. Nd5 e3+ 59. Kd1 Rc2 60. Nxf4 e5 61. Nxg6 e2+ 62. Ke1 exf1Q+ 63. Kxf1 Ke6 64. h4 Kf6 65. h5 Kg5 66. Nb7 Rd2 67. Ke1 Rd3 68. Ke2 e4 69. Nd8 Kf6 70. Nh4 Rh3 71. Nf5 d5 72. Nc6 Kg5 73. Ne3 Kf4 74. Nxd5+ Kxg4 75. Nb8 Rxa3 76. h6 Rh3 77. Nxa6 Rxh6 78. Nac7 Rd6 79. Ke3 Kf5 80. Kd4 e3 81. Nxb5 Rd8 82. Nbc3 Ke6 83. Kc5 Ke5 84. Nb6 Kf4 85. b5 Rd3 86. Nbd5+ Ke5 87. b6 e2 88. b7 Rxc3+ 89. Nxc3 e1Q 90. b8Q+ Kf5 91. Qf8+ Kg6 92. Qg8+ Kh6 93. Nd5 Qe5 1/2-1/2

[Event "Kuala Lumpur op 5th"]
[Site "Kuala Lumpur"]
[Date "2008.08.18"]
[Round "2"]
[White "Ong, Way Justin"]
[Black "Sermek, Drazen"]
[Result "0-1"]
[WhiteElo "2008"]
[BlackElo "2509"]
[PlyCount "72"]
[EventDate "2008.08.18"]
[EventType "swiss"]
[EventRounds "11"]
[EventCountry "MAS"]
[SourceTitle "CBM 126 Extra"]
[Source "ChessBase"]
[SourceDate "2008.11.05"]
[SourceVersion "1"]
[SourceVersionDate "2008.11.05"]
[SourceQuality "1"]

1. e4 d5 2. exd5 Qxd5 3. Nc3 Qd6 4. d4 Nf6 5. h3 a6 6. Nf3 b5 7. Bd3 Bb7 8. Qe2 e6 9. Ne4 Nxe4 10. Bxe4 Bxe4 11. Qxe4 c6 12. c3 Be7 13. Bg5 Bxg5 14. Nxg5 Qd5 15. Qf4 0-0 16. 0-0 Nd7 17. Rfe1 a5 18. Nf3 a4 19. Ne5 Nb6 20. Nd3 Rfc8 21. Re5 Qd6 22. Qg4 Nd5 23. a3 Rc7 24. h4 Re8 25. Nc5 h6 26. Rae1 Rce7 27. Qe2 f6 28. Re4 e5 29. c4 Nf4 30. Qf3 Ng6 31. cxb5 cxb5 32. Qg3 f5 33. R4e2 Nf4 34. Rxe5 Rxe5 35. Rxe5 Rxe5 36. dxe5 Ne2+ 0-1